000 01396cam a2200349 i 4500
001 22081200
005 20260413142459.0
008 210614s2022 paua 001 0 eng
010 _a 2021022839
020 _a9781719642071
040 _aDNLM/DLC
_beng
_erda
_cDLC
_dDLC
042 _apcc
050 0 0 _aRT49
_b.T74 2022
060 0 0 _aWY 100.1
082 0 0 _a610.73
_223
100 1 _aTreas, Leslie S.
_eauthor.
240 1 0 _aBasic nursing
245 1 0 _aDavis advantage for basic nursing :
_bthinking, doing, and caring /
_cLeslie S. Treas, PhD, RN, CPNP-PC, NNP-BC, Karen L. Barnett, DNP, RN, Mable H. Smith, PhD, JD, MN, NEA-BC.
246 3 0 _aAdvantage for basic nursing
250 _aThird edition.
300 _a1 volume (various paging) :
_bcolor illustrations ;
_c28 cm
500 _aPreceded by Basic nursing / Leslie S. Treas, Judith M. Wilkinson, Karen Barnett, Mable H. Smith. Second edition. [2018]
500 _aIncludes index.
650 1 2 _aNursing Care
_xmethods
650 2 2 _aNursing Assessment
650 2 2 _aNurse's Role
700 1 _aBarnett, Karen L.,
_eauthor.
700 1 _aSmith, Mable H.,
_eauthor.
776 0 8 _iOnline version:
_aTreas, Leslie S.
_tDavis advantage for basic nursing
_bThird edition.
_dPhiladelphia, PA : F.A. Davis Company, [2022]
_z9781719642118
_w(DLC) 2021022840
906 _a7
_bcbc
_corignew
_d1
_eecip
_f20
_gy-gencatlg
942 _2lcc
_cBK
999 _c60347
_d60347